Culture Générale - Série 2336 - Statistiques

Statistiques générales
  • Ce quiz a été pris 166 fois
  • Le résultat moyen est 5 sur 10
Statistiques - réponses
Question Réponse % Correct
Quel aliment est le "Beaufort" ? fromage
96%
Quel anglicisme signifie "nouvelle version, reprise" (d'un film par exemple ? remake
77%
Dans quel sport s'illustre Yannick Agnel ? natation
76%
De quel pays est originaire la boisson alcoolisée appelée "mezcal" ou "mescal" ? Mexique
70%
Ce mot désigne : un titan-un massif montagneux-une vertèbre atlas
59%
Quelles noces fête-t-on pour 60 ans de mariage ? diamant
59%
Quel nom donne-t-on à la mafia napolitaine ? camorra
39%
Dans le film "Le salaire de la peur" d'Henri-Georges Clouzot de 1953, quel acteur interprète "Mario" ? prénom et nom Yves Montand
32%
Quelle est la capitale de l'état Illinois des Etas Unis ? Springfield
20%
Quel engin est un hovercraft ? aéroglisseur
19%
Aucun quiz correspondant
Distribution des résultats
% des personnes avec chaque résultat
Percentile par nombre de réponses
Votre historique - résultats
Vous n’avez pas pris ce quiz